| 000 | 01139nam a22003737a 4500 | ||
|---|---|---|---|
| 001 | BR8101696 | ||
| 003 | BR-BrBNA | ||
| 005 | 20230928090931.0 | ||
| 007 | ta | ||
| 008 | 230509b bl.||||| |||| 00| 0 por d | ||
| 040 |
_aBR-BrBNA _bpor _cBiblioteca Nacional de Agricultura |
||
| 041 | _a(Por) | ||
| 072 |
_aF00; E70 _b1126 _b/G514 |
||
| 090 | _ 1126 BR8101696 | ||
| 100 | 1 | _aGiacomelli, E.J. | |
| 100 | 1 | _aPy, C. | |
| 110 | 1 | _aFundacao Cargill, Campinas, SP (Brasil) | |
| 245 | 1 | _aO abacaxi no Brasil [Ananas comosus; Comercializacao; Praga de planta; Doenca de planta; Pratica cultural] | |
| 246 | 1 | _a[Pineapple crop in Brazil [Ananas comosus; Marketing; Pest of Plant; Plant Disease; Cultural practice]] | |
| 260 | 3 |
_aCampinas, SP (Brasil): _c1981. |
|
| 300 | _a109 p. | ||
| 500 | _a36 ref.; 79 illus. | ||
| 650 | _aProducao vegetal | ||
| 650 | _aComercializacao | ||
| 650 | _aAbacaxi | ||
| 650 | _aPlantio | ||
| 650 | _aMercado | ||
| 650 | _aDefesa vegetal | ||
| 650 | _aPraga de planta | ||
| 650 | _aDoenca de planta | ||
| 650 | _aPratica cultural | ||
| 909 |
_a202309 _bLucia _c55 _dLucia Elande |
||
| 942 | _cBK | ||
| 999 |
_c31340 _d31340 |
||